000 00506nam a2200181Ia 4500
999 _c21120
_d21120
003 OSt
005 20200701141116.0
008 190216s9999||||xx |||||||||||||| ||und||
020 _a9788180693335
040 _coclc
082 _a909
_bNAN/H
100 _aNanda, J N
_93409
245 0 _aHuman Eternity Stone Age Of Mustopia /
_c J N Nanda
260 _bConcept Publishing,
_aNew DELHI:
_c2006.
300 _a120p
650 _aHistory
942 _cBK
_2ddc
_h909
_iNAN/H
_k909
_mNAN/H